[Event "Zagreb op-B"]
[Site "Zagreb"]
[Date "2011.04.16"]
[Round "6"]
[White "Strniscak, Tomislav"]
[Black "Bozicevic, Dean"]
[Result "1/2-1/2"]
[WhiteElo "2212"]
[BlackElo "2024"]
[PlyCount "56"]
[EventDate "2011.04.11"]
[EventType "swiss"]
[EventRounds "9"]
[EventCountry "CRO"]
[SourceTitle "CBM 141 Extra"]
[Source "ChessBase"]
[SourceDate "2011.05.03"]
[SourceVersion "1"]
[SourceVersionDate "2011.05.03"]
[SourceQuality "1"]

1. e4 c5 2. c3 d6 3. d4 Nf6 4. dxc5 Nc6 5. Qc2 dxc5 6. Nf3 Qc7 7. Be3 e6 8. h3 Be7 9. Be2 0-0 10. 0-0 b6 11. Nbd2 Bb7 12. Rfd1 Rfd8 13. Bg5 Rd7 14. Nc4 Rad8 15. Rxd7 Rxd7 16. e5 Nd5 17. Bxe7 Ncxe7 18. Bd3 h6 19. Bh7+ Kf8 20. Be4 g6 21. Nd6 Bc6 22. Qd2 Ng8 23. Qc2 Nde7 24. Bxc6 Qxc6 25. Rd1 Nc8 26. Nxc8 Qxc8 27. Rd3 Qd8 28. Rxd7 Qxd7 1/2-1/2

[Event "CRO-chT4 Center-A"]
[Site "Zagreb"]
[Date "2011.04.10"]
[Round "5.15"]
[White "Bozicevic, Dean"]
[Black "Vukovojac, Vedran"]
[Result "1/2-1/2"]
[WhiteElo "2024"]
[BlackElo "1889"]
[PlyCount "26"]
[EventDate "2011.03.13"]
[EventType "team-tourn"]
[EventRounds "7"]
[EventCountry "CRO"]
[SourceTitle "EXT 2014"]
[Source "ChessBase"]
[SourceDate "2013.11.20"]
[SourceVersion "1"]
[SourceVersionDate "2013.11.20"]
[SourceQuality "1"]

1. e4 e5 2. Nf3 Nf6 3. d4 Nxe4 4. Bd3 d5 5. dxe5 Nc5 6. Nc3 Nxd3+ 7. Qxd3 c6 8. Bg5 Be7 9. Bxe7 Qxe7 10. 0-0 0-0 11. Rfe1 Bg4 12. h3 Bxf3 13. Qxf3 Nd7 1/2-1/2

[Event "CRO-chT4A Center"]
[Site "Zagreb"]
[Date "2010.04.25"]
[Round "5.54"]
[White "Glazar, Domagoj"]
[Black "Bozicevic, Dean"]
[Result "1/2-1/2"]
[WhiteElo "2046"]
[BlackElo "2032"]
[PlyCount "154"]
[EventDate "2010.03.21"]
[EventType "team-tourn"]
[EventRounds "11"]
[EventCountry "CRO"]
[SourceTitle "EXT 2012"]
[Source "ChessBase"]
[SourceDate "2011.11.24"]
[SourceVersion "1"]
[SourceVersionDate "2011.11.24"]
[SourceQuality "1"]

1. d4 Nf6 2. Nf3 d5 3. c4 c6 4. Nc3 dxc4 5. a4 Bf5 6. e3 e6 7. Bxc4 Bb4 8. 0-0 Nbd7 9. Qb3 Qb6 10. Bd2 0-0 11. Rac1 Rac8 12. Nh4 Bxc3 13. bxc3 Qxb3 14. Bxb3 Bd3 15. Rfe1 Ne4 16. Rcd1 c5 17. g3 cxd4 18. cxd4 Bc2 19. Bxc2 Rxc2 20. Bb4 Rfc8 21. f3 Nf2 22. Rd2 Rxd2 23. Bxd2 Nd3 24. Rb1 b6 25. Kf1 Rc2 26. Ke2 Nb2 27. Ra1 g5 28. Ng2 Nc4 29. Rd1 Ra2 30. Ke1 Rxa4 31. e4 Nxd2 32. Rxd2 Ra1+ 33. Ke2 Rh1 34. Rc2 Rxh2 35. Kf2 Nf6 36. Rc7 g4 37. e5 Nd5 38. Rxa7 gxf3 39. Kxf3 Rh1 40. Nf4 Nxf4 41. gxf4 b5 42. Rb7 Rb1 43. f5 Rf1+ 44. Kg3 Rxf5 45. Rxb5 Kg7 46. Rb7 h5 47. Rd7 Kg6 48. Rd8 Rg5+ 49. Kh3 Kf5 50. Rf8 Rg7 51. Rh8 Ke4 52. Rd8 Rg1 53. Kh4 Rd1 54. Rd7 Rxd4 55. Rxf7 Kxe5+ 56. Kxh5 Rf4 57. Rb7 Kf5 58. Rb5+ e5 59. Ra5 Rf1 60. Kh4 Kf4 61. Kh3 Kf3 62. Ra3+ Kf4 63. Kg2 Rd1 64. Kf2 Rd2+ 65. Ke1 Rh2 66. Ra4+ e4 67. Ra3 e3 68. Ra8 Rh5 69. Ke2 Rh2+ 70. Ke1 Rh5 71. Ke2 Rh2+ 72. Ke1 Kf3 73. Rf8+ Ke4 74. Re8+ Kd3 75. Rd8+ Ke4 76. Re8+ Kd3 77. Rd8+ Ke4 1/2-1/2